Weird n' Wild Creatures - Monsters of the Mind Quiz Stats

 Plays Quiz not verified by Sporcle

Support Sporcle.
Go Orange.
Score 0/109 Timer 12:00
0 Plays Today
Creature % Correct
Cerberus
100%
Roc
100%
Chimaera
100%
Werewolf
100%
Kraken
100%
Cyclops
100%
Wyvern
100%
Loch Ness Monster
100%
Typhon
100%
Thunderbird
100%
Minotaur
100%
Leviathan
100%
Griffin
100%
Lambton Worm
100%
Orcs
100%
Mongolian Death Worm
100%
Chupacabra
100%
Jersey Devil
100%
Azhi Dahaka
80%
Formorians
80%
Mngwa
80%
Sphinx
80%
Wendigo
80%
Cthulhu
80%
Hopkinsville Goblins
80%
Bunyip
80%
Nemean Lion
80%
Springheeled Jack
80%
Antmen
80%
Skunk Ape
80%
Beast People
80%
Tarasque
80%
Gray Aliens
80%
Manticore
80%
Grim Reaper
80%
Snow Spirit
80%
Weretiger
80%
Creature % Correct
Gogmagog
80%
Erymanthian Boar
80%
Jormungand
80%
Cetus
80%
Sekhmet
80%
Harpies
80%
Hydra
80%
Oni
80%
Perytons
80%
Mokele-Mbembe
80%
Golems
80%
Talos
80%
Stymphalian Birds
80%
Cyborgs
80%
Vampires
80%
Anubis
80%
Trolls
80%
Basilisk
80%
Reptoid Aliens
80%
Yeti
80%
Frankenstein's Monster
80%
Owlman
80%
Morgawr
80%
Baital
80%
Mummy
80%
Zombies
80%
Boogeyman
80%
Kongamato
80%
Banshees
80%
Bigfoot
80%
Gargantua
80%
Huitzilopochtli
80%
Scylla and Charybdis
80%
Grendel
80%
Gremlins
80%
Ogopogo
80%
Sleipnir
80%
Creature % Correct
Orthus
80%
Mothman
80%
Lamia
80%
Chinese Dragons
80%
Echidna
80%
Ogres
80%
Morgan Le Fay
80%
Skeletal Warriors
80%
Naga
80%
Centaurs
80%
Wraiths
80%
Headless Horseman
80%
Thetis Lake Monster
60%
Nandi Bears
60%
Yowies
60%
Moby Dick
60%
Tokoloshe
60%
Phoenix
60%
Nuckelavee
60%
Goatman
60%
Baba Yaga
60%
Black Dog
60%
Tengu
60%
Gargoyles
60%
Gorgons
60%
Salamander
60%
Ghouls
60%
Catoblepas
60%
Camazotz
60%
Piasa
60%
Mr. Hyde
60%
Fenrir
60%
Scorpion Men
60%
Shiva
60%
Sirens
60%

You're not logged in!

Compare scores with friends on all Sporcle quizzes.
OR
Log In

From the Vault

Disney/Pixar Animated Movie per Letter

by GoodRiddance856

One day Disney will do that remake of the X-Files.
Remove Ads.
Support Sporcle.
Get the best of Sporcle when you Go Orange. This ad-free experience offers more features, more stats, and more fun while also helping to support Sporcle. Thank you for becoming a member.

Show Comments

Extras

Created Feb 13, 2020ReportNominate
Tags:card, creature, Monster, past, set, Weird, Wild

Top Quizzes Today


Score Distribution

Your Account Isn't Verified!

In order to create a playlist on Sporcle, you need to verify the email address you used during registration. Go to your Sporcle Settings to finish the process.

Report this User

Report this user for behavior that violates our Community Guidelines.

Details: